000 00507nam a2200169Ia 4500
005 20250508152924.0
008 008 250505s9999 xx 000 0 hin d
037 _aBooks to be hide in OPAC
040 _aFEDL
_beng
_cFEDL
041 _ahin
_2eng
084 _a372, VID/O
_qFEDL
100 _aVidya Bhushan Achrya Rajender Sastri
_9762755
245 0 _aPaddho mere lal: Bal primar
260 _aNew Delhi, India
_bNavjeevan Prakashan
942 _cHB
_h372, VID/O
999 _c1339626
_d1339626